Musical Acts from London - Statistics

General Stats
  • This quiz has been taken 936 times
  • The average score is 16 of 24
Answer Stats
Hint Answer % Correct
Bohemian Rhapsody, We Will Rock You Queen
100%
I'm Still Standing, Rocket Man Elton John
95%
Another Brick in the Wall, Pt. 2, Money Pink Floyd
92%
Starman, Space Oddity David Bowie
91%
Someone Like You, Rolling in the Deep Adele
90%
Viva La Vida, Yellow Coldplay
90%
Paint It, Black, (I Can't Get No) Satisfaction The Rolling Stones
89%
Careless Whisper, Faith George Michael
88%
Stairway to Heaven, Immigrant Song Led Zeppelin
84%
Wannabe, Who Do You Think You Are Spice Girls
80%
In The Air Tonight, You Can't Hurry Love Phil Collins
77%
Smoke On The Water, Highway Star Deep Purple
71%
Karma Chameleon, Do You Really Want To Hurt Me Culture Club
69%
Maggie May, Da Ya Think I'm Sexy? Rod Stewart
66%
All Day and All of the Night, You Really Got Me The Kinks
65%
Sunshine Of Your Love, White Room Cream
55%
Levitating, New Rules Dua Lipa
55%
Invisible Touch, That's All Genesis
51%
The Trooper, Run to the Hills Iron Maiden
46%
Breakfast In America, The Logical Song Supertramp
45%
Get It On, Cosmic Dancer T. Rex
35%
In The Army Now, Rockin' All Over The World Status Quo
34%
(I Just) Died in Your Arms, I've Been In Love Before Cutting Crew
33%
Little Willy, Ballroom Blitz Sweet
28%
No matching quizzes found
Score Distribution
Percent of People with Each Score
Percentile by Number Answered
Your Score History
You have not taken this quiz